000 00561nam a2200193Ia 4500
005 20250923144836.0
008 008 250917s9999 xx 000 0 eng d
037 _aTextual
040 _aDSWL
_beng
_cDSWL
041 _aeng
_2eng
084 _aL7:4:691x41-56, N59
_qDSWL
245 0 _aConstructive work for mental health
_cEd. by K.F. Priestley
260 _aLondon
_bHongKong University Press
_c1959
300 _ax,108p.
365 _aINR
_b7.6
925 _g7.6
942 _cTEXL
_hL7:4:691x41-56, N59
999 _c1444034
_d1444034